000
00278nam a2200121Ia 4500
008
191201s2019 xx 000 0 und d
100
_a
HISRICH, Robert D & others
245
0
_a
Enterpreneurship
250
_a
10th
260
_b
TMH
_a
NEW DELHI
300
_a
580
942
_2
ddc
_c
BK
999
_c
8174
_d
8174